| 000 | 00850nam a2200253Ia 4500 | ||
|---|---|---|---|
| 008 | 100315s9999 xx 000 0 und d | ||
| 020 | _a0712116559 | ||
| 040 | _cENGLISH | ||
| 082 |
_b10111 _a658.154 |
||
| 100 | _a"Brown, J. Lewis, Howard, Leslie R. " | ||
| 245 | _aPrinciples and Practice of Management Accountancy | ||
| 250 | _a3rd ed. | ||
| 260 |
_aLondon _bENGLISH LANGUAGE BOOK SOCIETY _c1975 |
||
| 300 | _a"xii,756 " | ||
| 365 |
_eRupees _d1 _b0.00 |
||
| 366 | _f0 | ||
| 505 | _gVaibhav Gaikwad | ||
| 530 | _bDonated By RBI Library | ||
| 620 | _a"Principles and Practice of Management Accountancy, Management, RBI Book " | ||
| 630 | _aPrinciples and Practice of Management Accountancy | ||
| 650 | _aMANAGEMENT | ||
| 730 | _aPrinciples and Practice of Management Accountancy | ||
| 942 | _cBOOK | ||
| 999 |
_c484845 _d484842 |
||